000
00302 a2200145 4500
001
57782
020
_a
8571230250
040
_c
Anchieta - Pituba
100
_a
Korda, Michael
240
1
0
_a
Olho por olho
_l
por
245
1
0
_a
Olho por olho
300
_a
453
650
4
_a
Ficção inglesa
942
_c
BK
999
_c
57782
_d
57782